000 00616nam a22001937i 4500
001 3523
003 OSt
005 20170126082319.0
007 tu
008 161220s1997 xxu||||| |||| 00| 0 d
024 7 _a3522
_2RID
040 _cOSt
084 _a15.7
_a15.561
_2z
100 1 _aWarta, Katharina
245 0 0 _aPolitische Hintergründe und Durchführung von Liberalisierungspoltik in der Tschechischen Republik am Beispiel des Telekommunikationssektors
_bAbschlußbericht "Robert Bosch Stiftungskolleg für internationale Aufgaben", 1995/96
260 _c1997
300 _a45 S. ;
_c30cm.
651 _aCzech Republic
942 _cB
999 _c3473
_d3473